الدولة العثمانية : (Record no. 6764)
[ view plain ]
| 000 -الفاتح | |
|---|---|
| حقل البيانات ثابتة الطول | 01385nac a22002771i 4500 |
| 003 - محدد رقم الضبط | |
| رقم الضبط | EG-ScBUE |
| 005 - وقت وتاريخ اخر تعامل مع التسجيلة | |
| رقم الضبط | 20231213100148.0 |
| 008 - عناصر البيانات ثابتة الطول - معلومات عامة | |
| حقل البيانات ثابتة الطول | 121128k19831986ua f b 000 0 ara d |
| 017 ## - رقم الإيداع القانونى | |
| رقم الإيداع القانونى | 1978 / 5108 |
| 020 ## - الرقم الدولى المعيارى للكتب | |
| الرقم الدولى المعيارى للكتاب | 2662728 |
| 040 ## - مصدر الفهرسة | |
| وكالة الفهرسة الأصلية | EG-ScBUE |
| لغة الفهرسة | ara |
| قواعد الوصف | rda |
| وكالة النسخ | EG-ScBUE |
| وكالة التعديل | EG-ScBUE |
| 082 04 - رقم تصنيف ديوى العشرى | |
| رقم التصنيف | 956.015 |
| رقم المادة | ش ن ا |
| رقم الطبعة | 22 |
| 100 1# - المدخل الرئيسى - إسم شخصى | |
| الإسم الشخصى | شناوي، عبد العزيز محمد، |
| الدور | مؤلف. |
| 245 12 - بيان العنوان | |
| العنوان | الدولة العثمانية : |
| بقية العنوان | دولة إسلامية مفترى عليها / |
| بيان المسئوليه,etc | تأليف أستاذ دكتور عبد العزيز محمد الشناوي، أستاذ التاريخ الحديث والمعاصر ورئيس قسم التاريخ بكلية الدراسات الإنسانية بجامعة الأزهر، فرع البنات بالقاهرة. |
| 250 ## - بيان الطبعة | |
| بيان الطبعة | الطبعة الثانية. |
| 264 #1 - النشر، التوزيع | |
| مكان الناشر او الموزع | القاهرة : |
| اسم الناشر او الموزع | مكتبة الأنجلو المصرية، |
| تاريخ النشر أو التوزيع | 1983-1986. |
| 300 ## - الوصف المادى | |
| التعداد | 4 مجلدات ؛ |
| أبعاد الوعاء | 24 سم |
| 336 ## - نوع المحتوى | |
| source | rdacontent |
| Carrier Type Term | نص |
| Content Type Code | txt |
| 337 ## - نوع الوسيط | |
| Media Type Term | بدون وسيط |
| source | rdamedia |
| Media Type Code | n |
| 338 ## - نوع الحامل أو الناقل | |
| Carrier Type Term | مجلد |
| Carrier Type Code | nc |
| source | rdacarrier |
| 504 ## - تبصرة ببليوجرافية | |
| تبصرة ببليوجرافية,الخ | يشتمل على إرجاعات ببليوجرافية. |
| 505 0# - تبصرة محتويات-الفهرس | |
| تبصرة المحتويات المصاغة | الجزء الأول -- الجزء الثاني -- الجزء الثالث -- الجزء الرابع. |
| 650 #7 - المدخل الاضافى بالموضوع-مصطلح موضوعى | |
| مصطلح موضوعي أو اسم جغرافي كعنصر مدخل | الإمبراطورية العثمانية |
| التقسيم الفرعي العام | تاريخ. |
| مصدر الرأس أو المصطلح | BUEsh |
| 655 ## - مصطلح تكشيفى-نوع/شكل | |
| التقسيم الفرعي الشكلي | Reading book |
| 942 ## - عناصر المدخل الإضافي( كوها) | |
| Koha [default] item type | Book - Borrowing |
| مصدر التصنيف او مخطط الترفيف | Dewey Decimal Classification |
| حالة التراجع | حالة الفقد | مصدر التصنيف او خطة الترفيف | حالة تلف | ليس للاعارة | مجموعات كوها | المكان الدائم | المكان الحالي | موقع الترفيف | تاريخ الاكتساب | Source of acquisition | رقم الاستدعاء | الباركود | Date last seen | نوع الوعاء | تبصرة عامة | مُعار |
|---|---|---|---|---|---|---|---|---|---|---|---|---|---|---|---|---|
| Dewey Decimal Classification | Alef-Baa | Central Library | Central Library | Second Floor | 04/12/2007 | Purchase | 956.015 ش ن ا | 000008440 | 15/07/2025 | Book - Borrowing | ج. 4. | |||||
| Dewey Decimal Classification | Alef-Baa | Central Library | Central Library | Second Floor | 22/08/2010 | Purchase | 956.015 ش ن ا | 000008603 | 15/07/2025 | Book - Borrowing | ج. 3 | 24/11/2019 | ||||
| Dewey Decimal Classification | Alef-Baa | Central Library | Central Library | Second Floor | 07/12/2010 | Purchase | 956.015 ش ن ا | 000008591 | 15/07/2025 | Book - Borrowing | ج. 1. | |||||
| Dewey Decimal Classification | Alef-Baa | Central Library | Central Library | Second Floor | 17/11/2011 | Purchase | 956.015 ش ن ا | 000025654 | 15/07/2025 | Book - Borrowing | ج. 2 |